| 000 | 004600000a22001810004500 | ||
|---|---|---|---|
| 003 | MACL | ||
| 005 | 20151023143928.0 | ||
| 008 | 151023b xxu||||| |||| 00| 0 eng d | ||
| 040 |
_aMACL _cMACL |
||
| 041 | _aEnglish | ||
| 082 | _a954/MAJ | ||
| 100 |
_aMajumdar, R.C. _916442 |
||
| 245 | _aHistory of The Freedom Movement in India | ||
| 260 |
_bFirma Klm Private Limited _c1988 _aCalcutta |
||
| 350 | _a100 | ||
| 650 |
_aHistory _916443 |
||
| 942 |
_cBK _k954 _2ddc |
||
| 999 |
_c6540 _d6540 |
||